1981 1964 1079 1506 1392 1686 1099 1070 1246 1754 1089 1923 1527 1849 1848 1814 1098 1366 1573 1229 1076 1615 1408 1815 1104 1030 1008 1231 1203 1901 1867 1879 1492 1144 1116 1029 1289 1369 1330 1350 1752 1629 1334 1296 1941 1588 1912 1773 1712 1469 1290 1021 1142 1276 1574 1907 1008 1086 1396 1881 1581 1143 1936 1896 1833 1475 1863 1703 1887 1477 1606 1787 1920 1957 1257 1652 1306 1330 1711 1889 1591 1667 1861 1457 1348 1209 1317 1568 1870 1552 1362 1966 1998 1910 1522 1252 1162 1565 1288 BCNSPRNW ULIB Ver.6.0+V

เปลี่ยนเป็นภาษาไทย

Change to English
 แสดงรายละเอียดบรรณานุกรม
  กลับหน้าหลัก

Brief Record : Get Marc (ISO 2709) : E-mail record : QR code < ปิดหน้าต่าง
LEADER : 00000nam 2200000uu 4500
001    13399115104
003     ULIB
008    110219s2550||||th 000 0 tha d
099    วจ.WY18.2^bน287ก
100 0  นลินี เกิดประสงค์
245 00 การศึกษาความคิดเห็นของนักศึกษาต่อการเรียนรู้โดยใช้กระบวนเสริมสร้างพลังอำนาจให้ผู้เรียน/^cนลินี เกิดประสงค์
260    นครสวรรค์:^bวิทยาลัยพยาบาลบรมราชชนนี สวรรค์ประชารักษ์,^c2550
300    70 หน้า
650  7 เสริมสร้างพลังอำนาจ^xการเรียนรู้^xวิจัย
710 2  วิทยาลัยพยาบาลบรมราชชนนีสวรรค์ประชารักษ์ นครสวรรค์
945    ^p0^l0^i032143
995    ทศพร
999 ^a ใช้งานได้ทุกระบบ
รายการนี้ยังไม่มีแท็ก
คุณยังไม่ได้ล็อกอิน คุณสามารถมีกิจกรรมร่วมกับเว็บไซต์ได้ แต่ต้องล็อกอินก่อน ::
  ล็อกอิน

รายการสื่อสารสนเทศ

ลำดับที่ ประเภท เลขเรียก/บาร์โค้ด สถานที่ สถานะ
1. งานวิจัย
งานวิจัย
วจ.WY18.2 น287ก ฉ.1 
  Barcode: 032143
ห้องสมุดวิทยาเขตสวรรค์ประชารักษ์
►วิจัย
บนชั้น

รายการใกล้เคียง
    ผู้แต่ง [นลินี เกิดประสงค์]

BibComment


ยังไม่เคยถูกคอมเมนท์

คอมเมนท์ทรัพยากรรายการนี้
  คอมเมนท์: การศึกษาความคิดเห..


 Copyright 2026. Bcnsprnw @Library